[Event "Titled Tuesday intern op 16th Apr Early"]
[Site "Chess.com INT"]
[Date "2024.04.16"]
[Round "6"]
[White "Kochiev, Ivan"]
[Black "Lianes Garcia, Marcos"]
[Result "0-1"]
[WhiteElo "2064"]
[BlackElo "2403"]
[PlyCount "68"]
[EventDate "2024.04.16"]
[EventType "swiss (blitz)"]
[EventRounds "11"]
[EventCountry "USA"]
[SourceTitle "CB17_2024"]
[SourceDate "2024.04.24"]
[SourceVersion "1"]
[SourceVersionDate "2024.04.24"]
[SourceQuality "1"]

1. e4 g6 2. d4 Bg7 3. c3 d5 4. Bd3 c5 5. dxc5 Nf6 6. Nd2 0-0 7. Ngf3 Nbd7 8. exd5 Nxd5 9. 0-0 Nxc5 10. Bc2 b6 11. Ne4 Ne6 12. Nfg5 h6 13. Nxe6 Bxe6 14. Qf3 Qc7 15. Bb3 Rfd8 16. Bd2 Rac8 17. Rad1 b5 18. h4 Rd7 19. Rfe1 Rcd8 20. h5 g5 21. Bc1 a5 22. Ng3 a4 23. Bc2 Nf6 24. Rxd7 Rxd7 25. Ne4 Nd5 26. Ng3 Qb7 27. Be4 Qc8 28. Nf5 Nf6 29. Nxg7 Kxg7 30. Bc2 Bg4 31. Qe3 Bxh5 32. Qe5 Qc6 33. Qg3 Bg6 34. Bd1 Qd6 0-1

[Event "Titled Tuesday intern op 12th Mar Early"]
[Site "Chess.com INT"]
[Date "2024.03.12"]
[Round "8"]
[White "Kochiev, Ivan"]
[Black "Ovetchkin, Roman"]
[Result "1/2-1/2"]
[WhiteElo "2064"]
[BlackElo "2518"]
[PlyCount "128"]
[EventDate "2024.03.12"]
[EventType "swiss (blitz)"]
[EventRounds "11"]
[EventCountry "USA"]
[SourceTitle "CB12_2024"]
[SourceDate "2023.10.01"]
[SourceVersion "1"]
[SourceVersionDate "2023.10.01"]
[SourceQuality "1"]

1. e4 c6 2. d4 d5 3. Nc3 dxe4 4. Nxe4 Nf6 5. Ng5 h6 6. Nxf7 Kxf7 7. Nf3 Bf5 8. Ne5+ Kg8 9. Bc4+ Nd5 10. Qh5 g6 11. Qe2 Nd7 12. Nd3 N7f6 13. Ne5 Kg7 14. g4 Bd7 15. g5 hxg5 16. Bxg5 Bf5 17. 0-0-0 Qd6 18. Rdg1 Ne4 19. h4 Nxg5 20. Rxg5 Qf6 21. Rhg1 Rxh4 22. Qf3 Rf4 23. Qg3 Rxd4 24. Bd3 Rxd3 25. Nxd3 e5 26. f4 exf4 27. Nxf4 Bd6 28. Nh5+ Kf7 29. Nxf6 Bxg3 30. Nxd5 Be5 31. Re1 Bg7 32. Ne3 Bh6 33. Rg3 Re8 34. Kb1 Bc8 35. Rf3+ Kg7 36. c3 Re5 37. Kc2 Be6 38. Kd2 Bxa2 39. b3 Bxb3 40. Rb1 Bd5 41. Rxb7+ Kg8 42. Rh3 Bxe3+ 43. Rxe3 Rxe3 44. Kxe3 a5 45. Ra7 Kf8 46. Rxa5 g5 47. Ra7 g4 48. Kf4 Bf3 49. c4 Ke8 50. c5 Kd8 51. Rg7 Ke8 52. Ke5 Kf8 53. Kf6 Ke8 54. Ke6 Bd5+ 55. Kd6 Bf3 56. Rg5 Kf7 57. Ke5 Be2 58. Rh5 Kg6 59. Rh1 Bf3 60. Rg1 Kg5 61. Rg3 Bd5 62. Rg1 Bf3 63. Rg3 Bd5 64. Rg1 Bf3 1/2-1/2

[Event "Titled Tuesday intern op 12th Mar Early"]
[Site "Chess.com INT"]
[Date "2024.03.12"]
[Round "11"]
[White "Kochiev, Ivan"]
[Black "Santos Flores, Alberto Javier"]
[Result "0-1"]
[WhiteElo "2064"]
[BlackElo "2183"]
[PlyCount "48"]
[EventDate "2024.03.12"]
[EventType "swiss (blitz)"]
[EventRounds "11"]
[EventCountry "USA"]
[SourceTitle "CB12_2024"]
[SourceDate "2023.10.01"]
[SourceVersion "1"]
[SourceVersionDate "2023.10.01"]
[SourceQuality "1"]

1. e4 e6 2. d4 d5 3. Nd2 c5 4. exd5 Qxd5 5. Ngf3 cxd4 6. Bc4 Qd6 7. 0-0 Nf6 8. Nb3 Nc6 9. Nbxd4 Nxd4 10. Nxd4 a6 11. c3 Bd7 12. Qf3 Qc7 13. Bb3 Bd6 14. h3 0-0-0 15. Be3 Kb8 16. Rad1 e5 17. Nf5 e4 18. Nxd6 exf3 19. Nxf7 fxg2 20. Rfe1 Bxh3 21. Nxh8 Rxh8 22. Rd4 Re8 23. Red1 Rxe3 24. fxe3 Qg3 0-1

[Event "Titled Tuesday intern op 13th Feb Late"]
[Site "Chess.com INT"]
[Date "2024.02.13"]
[Round "7"]
[White "Kochiev, Ivan"]
[Black "Garcia Correa, Jose Ricardo"]
[Result "1-0"]
[WhiteElo "2051"]
[BlackElo "2103"]
[PlyCount "53"]
[EventDate "2024.02.13"]
[EventType "swiss (blitz)"]
[EventRounds "11"]
[EventCountry "USA"]
[SourceTitle "CB08_2024"]
[SourceDate "2024.02.21"]
[SourceVersion "1"]
[SourceVersionDate "2024.02.21"]
[SourceQuality "1"]

1. e4 e5 2. Nf3 Nc6 3. d4 exd4 4. Bc4 Qf6 5. 0-0 h6 6. c3 d3 7. e5 Qf5 8. Bxd3 Qh5 9. Re1 Bc5 10. a4 a5 11. Nbd2 Nge7 12. Ne4 Ba7 13. Ng3 Qg4 14. Re4 Qe6 15. Bc4 Qg6 16. Nh4 Qh7 17. Qh5 0-0 18. Nhf5 Ng6 19. Bxh6 d5 20. Bxd5 gxh6 21. Nxh6+ Kg7 22. Ngf5+ Bxf5 23. Nxf5+ Kh8 24. Qg5 Ncxe5 25. Qf6+ Kg8 26. Rxe5 Rfd8 27. Bxf7+ 1-0

[Event "Titled Tuesday intern op 13th Feb Late"]
[Site "Chess.com INT"]
[Date "2024.02.13"]
[Round "4"]
[White "Van Baar, Esper"]
[Black "Kochiev, Ivan"]
[Result "0-1"]
[WhiteElo "2208"]
[BlackElo "2051"]
[PlyCount "86"]
[EventDate "2024.02.13"]
[EventType "swiss (blitz)"]
[EventRounds "11"]
[EventCountry "USA"]
[SourceTitle "CB08_2024"]
[SourceDate "2024.02.21"]
[SourceVersion "1"]
[SourceVersionDate "2024.02.21"]
[SourceQuality "1"]

1. d4 Nf6 2. Bf4 e6 3. Nf3 c5 4. c3 d5 5. e3 Bd6 6. Bg3 Qc7 7. dxc5 Qxc5 8. Nbd2 0-0 9. Bd3 Nbd7 10. 0-0 Bxg3 11. hxg3 b6 12. e4 dxe4 13. Nxe4 Qe7 14. Qe2 Bb7 15. Rfd1 Rfd8 16. Bc2 Nc5 17. Nfg5 h6 18. Nxf6+ Qxf6 19. Ne4 Qe5 20. f4 Qc7 21. Nxc5 Qxc5+ 22. Qf2 Qh5 23. f5 exf5 24. Qxf5 Qxf5 25. Bxf5 Re8 26. Re1 Bd5 27. Rad1 Bxa2 28. Rxe8+ Rxe8 29. Ra1 Be6 30. Bxe6 Rxe6 31. Rxa7 Re2 32. Rc7 Rxb2 33. Kh2 h5 34. Kh3 g6 35. Rc4 Kg7 36. Rc6 Rb1 37. Kh2 Rb5 38. Rc4 Rc5 39. Rb4 b5 40. Rb3 Kf6 41. Kh3 Ke5 42. Kh4 Kd5 43. Kg5 Kc4+ 0-1

[Event "Titled Tuesday intern op 06th Feb Early"]
[Site "Chess.com INT"]
[Date "2024.02.06"]
[Round "9"]
[White "Kochiev, Ivan"]
[Black "Darmanin, Jake"]
[Result "1-0"]
[WhiteElo "2051"]
[BlackElo "2091"]
[PlyCount "101"]
[EventDate "2024.02.06"]
[EventType "swiss (blitz)"]
[EventRounds "11"]
[EventCountry "USA"]
[SourceTitle "CB07_2024"]
[SourceDate "2024.02.14"]
[SourceVersion "1"]
[SourceVersionDate "2024.02.14"]
[SourceQuality "1"]

1. e4 e5 2. Nf3 Nc6 3. d4 exd4 4. Bc4 Bc5 5. c3 Nf6 6. e5 d5 7. Bb5 Ne4 8. cxd4 Bb6 9. 0-0 0-0 10. h3 f6 11. Bxc6 bxc6 12. Bf4 fxe5 13. Bxe5 Qe8 14. Nc3 Qg6 15. Kh1 Ba6 16. Ne2 Rf7 17. a4 Ba5 18. Bh2 Raf8 19. Ne5 Qh5 20. Nxf7 Bxe2 21. g4 Bxd1 22. gxh5 Bf3+ 23. Kg1 Rxf7 24. Bg3 Bxh5 25. Rac1 Rf6 26. Be5 Rg6+ 27. Kh2 Bd2 28. Rc2 Bf3 29. Rg1 Rxg1 30. Kxg1 Bb4 31. Rxc6 Ba5 32. Ra6 Bb6 33. a5 Ng5 34. axb6 axb6 35. Ra7 Nxh3+ 36. Kh2 Ng5 37. Rxc7 Ne6 38. Re7 Bg4 39. f3 Bf5 40. Rb7 g5 41. Rxb6 h5 42. b4 g4 43. fxg4 hxg4 44. Rb8+ Kf7 45. b5 Ng5 46. Kg3 Ne4+ 47. Kf4 Be6 48. Rb7+ Kg6 49. Rg7+ Kh6 50. b6 Ng5 51. Rxg5 1-0

[Event "Titled Tuesday intern op 06th Feb Early"]
[Site "Chess.com INT"]
[Date "2024.02.06"]
[Round "6"]
[White "Volkov, Maksim"]
[Black "Kochiev, Ivan"]
[Result "1-0"]
[WhiteElo "2302"]
[BlackElo "2051"]
[PlyCount "61"]
[EventDate "2024.02.06"]
[EventType "swiss (blitz)"]
[EventRounds "11"]
[EventCountry "USA"]
[SourceTitle "CB07_2024"]
[SourceDate "2024.02.14"]
[SourceVersion "1"]
[SourceVersionDate "2024.02.14"]
[SourceQuality "1"]

1. e4 c5 2. Nf3 d6 3. d4 cxd4 4. Nxd4 Nf6 5. Nc3 Nc6 6. f3 e6 7. Be3 a6 8. Qd2 Qc7 9. g4 b5 10. g5 Nd7 11. a3 Bb7 12. 0-0-0 Be7 13. Kb1 Rc8 14. h4 Nde5 15. Qf2 Na5 16. Ndxb5 Qb8 17. Ba7 Qa8 18. Nxd6+ Bxd6 19. Rxd6 Rxc3 20. bxc3 0-0 21. Bc5 Nxf3 22. Bb4 Nc6 23. Rxc6 Bxc6 24. Bxf8 Kxf8 25. Bd3 Bxe4 26. Rf1 Qb8+ 27. Ka1 Qe5 28. Bxe4 Qxc3+ 29. Ka2 Qc4+ 30. Kb2 Qb5+ 31. Kc1 1-0

[Event "Titled Tuesday intern op 06th Feb Late"]
[Site "Chess.com INT"]
[Date "2024.02.06"]
[Round "7"]
[White "Wu, Derek"]
[Black "Kochiev, Ivan"]
[Result "1-0"]
[WhiteElo "2295"]
[BlackElo "2051"]
[PlyCount "83"]
[EventDate "2024.02.06"]
[EventType "swiss (blitz)"]
[EventRounds "11"]
[EventCountry "USA"]
[SourceTitle "CB07_2024"]
[SourceDate "2024.02.14"]
[SourceVersion "1"]
[SourceVersionDate "2024.02.14"]
[SourceQuality "1"]

1. e4 d5 2. exd5 Qxd5 3. Nc3 Qa5 4. d4 c6 5. Nf3 Nf6 6. Bc4 Bf5 7. 0-0 e6 8. Bd2 Qc7 9. Re1 Bd6 10. h3 0-0 11. a4 a6 12. Bb3 Nbd7 13. a5 Rad8 14. Qe2 c5 15. Na4 Rfe8 16. Rad1 Be4 17. dxc5 Nxc5 18. Nxc5 Bxc5 19. Bc3 Rxd1 20. Rxd1 Qf4 21. Ne1 Nd5 22. Bd4 Bxd4 23. Rxd4 f5 24. Nd3 Qg5 25. f3 Bxd3 26. Qxd3 Nf4 27. Qd2 Nxh3+ 28. Kh2 Qxd2 29. Rxd2 Nf4 30. Rd7 Rb8 31. g3 Ng6 32. Bxe6+ Kh8 33. Bxf5 Nf8 34. Rc7 b6 35. axb6 Rxb6 36. Rc8 Kg8 37. Bd3 g6 38. b3 Kg7 39. Ra8 Nd7 40. Rxa6 Rb8 41. Ra7 Rb7 42. Rxb7 1-0

[Event "Titled Tuesday intern op 16th Jan Late"]
[Site "Chess.com INT"]
[Date "2024.01.16"]
[Round "5"]
[White "Kochiev, Ivan"]
[Black "Seletsky, Grigory"]
[Result "0-1"]
[WhiteElo "2051"]
[BlackElo "2204"]
[PlyCount "100"]
[EventDate "2024.01.16"]
[EventType "swiss (blitz)"]
[EventRounds "11"]
[EventCountry "USA"]
[SourceTitle "CB04_2024"]
[SourceDate "2023.10.16"]
[SourceVersion "1"]
[SourceVersionDate "2023.10.16"]
[SourceQuality "1"]

1. e4 e6 2. d4 d5 3. Nd2 Nc6 4. Ngf3 Nf6 5. e5 Nd7 6. c3 f6 7. Nh4 Qe7 8. exf6 Nxf6 9. f4 Bd7 10. Bd3 0-0-0 11. 0-0 g6 12. b4 Kb8 13. a4 Re8 14. a5 Nd8 15. Nhf3 Bg7 16. Nb3 Rhf8 17. b5 Nf7 18. Ba3 Nd6 19. b6 a6 20. Qe2 Bc8 21. bxc7+ Qxc7 22. Rfb1 Nfe4 23. Bxe4 Nxe4 24. Nc5 Ka8 25. Nxe4 dxe4 26. Qxe4 Rxf4 27. Qd3 Bd7 28. Rb6 Bb5 29. Qe3 Rf5 30. Bd6 Qc4 31. Nd2 Qd5 32. Rb1 Rf7 33. Qe4 Bc6 34. Qxd5 Bxd5 35. Bc5 Rc8 36. Rf1 Rd7 37. Rf2 Bh6 38. Re2 Bf4 39. Nf1 Bc7 40. Rbb2 Bxa5 41. Rbc2 Bd8 42. Ne3 Bg5 43. Ng4 Bd8 44. Ne5 Rdc7 45. Nd3 Rc6 46. Nf4 b6 47. Bb4 a5 48. Ba3 Rxc3 49. Bb2 Rxc2 50. Rxc2 Rxc2 0-1

[Event "Titled Tuesday intern op 09th Jan Early"]
[Site "Chess.com INT"]
[Date "2024.01.09"]
[Round "10"]
[White "Schnaider, Ilan"]
[Black "Kochiev, Ivan"]
[Result "1/2-1/2"]
[WhiteElo "2323"]
[BlackElo "2051"]
[PlyCount "87"]
[EventDate "2024.01.09"]
[EventType "swiss (blitz)"]
[EventRounds "11"]
[EventCountry "USA"]
[SourceTitle "CB03_2024"]
[SourceDate "2024.01.17"]
[SourceVersion "1"]
[SourceVersionDate "2024.01.17"]
[SourceQuality "1"]

1. e4 c5 2. Nf3 d6 3. Bb5+ Nc6 4. 0-0 Bd7 5. Re1 a6 6. Bf1 Bg4 7. c3 g6 8. h3 Bxf3 9. Qxf3 Bg7 10. Na3 Nf6 11. Nc2 Nd7 12. Rd1 b5 13. d4 Rc8 14. Be3 Qc7 15. Rac1 0-0 16. Bd3 Qb7 17. Qg3 a5 18. h4 b4 19. h5 bxc3 20. bxc3 Qb2 21. Rb1 Qxa2 22. Ra1 Qb2 23. Rdb1 Qxc3 24. Ra3 cxd4 25. Rxc3 dxc3 26. hxg6 hxg6 27. Bc4 Nb4 28. Bb3 Nc5 29. Nxb4 axb4 30. Bxc5 Rxc5 31. Qxg6 c2 32. Rc1 Rc3 33. Qf5 Rxb3 34. Rxc2 Rc3 35. Re2 b3 36. e5 Rc1+ 37. Kh2 b2 38. Rxb2 Bxe5+ 39. g3 Bxb2 40. Qg5+ Kh7 41. Qh5+ Kg8 42. Qg5+ Kh7 43. Qh5+ Kg8 44. Qg5+ 1/2-1/2

[Event "Titled Tuesday intern op 19th Dec Early"]
[Site "Chess.com INT"]
[Date "2023.12.19"]
[Round "1"]
[White "Kochiev, Ivan"]
[Black "Grandelius, Nils"]
[Result "0-1"]
[WhiteElo "2051"]
[BlackElo "2673"]
[PlyCount "68"]
[EventDate "2023.12.19"]
[EventType "swiss (blitz)"]
[EventRounds "11"]
[EventCountry "USA"]
[SourceTitle "CB52_2023"]
[SourceDate "2023.12.27"]
[SourceVersion "1"]
[SourceVersionDate "2023.12.27"]
[SourceQuality "1"]

1. e4 e6 2. d4 d5 3. Nd2 e5 4. dxe5 Nc6 5. Bb5 dxe4 6. Nxe4 Qxd1+ 7. Kxd1 Bf5 8. Bxc6+ bxc6 9. Ng3 Bg6 10. c3 h5 11. h4 Ne7 12. N1e2 0-0-0+ 13. Ke1 Nd5 14. Nf4 Nxf4 15. Bxf4 Bc5 16. Ke2 Rhe8 17. Rad1 Rxd1 18. Rxd1 Be7 19. Kf3 Bxh4 20. Rh1 Bxg3 21. Bxg3 Rd8 22. Bf4 Rd5 23. Re1 a5 24. e6 f6 25. e7 Be8 26. a4 c5 27. Ke4 Rd7 28. Kf5 Rd3 29. Ke4 c4 30. Kf5 Kd7 31. Re4 Rd5+ 32. Be5 Rxe5+ 33. Rxe5 fxe5 34. Kxe5 Kxe7 0-1

[Event "Titled Tuesday intern op 19th Dec Early"]
[Site "Chess.com INT"]
[Date "2023.12.19"]
[Round "6"]
[White "Kochiev, Ivan"]
[Black "Kiseleva, Simona"]
[Result "1-0"]
[WhiteElo "2051"]
[BlackElo "2174"]
[PlyCount "38"]
[EventDate "2023.12.19"]
[EventType "swiss (blitz)"]
[EventRounds "11"]
[EventCountry "USA"]
[SourceTitle "CB52_2023"]
[SourceDate "2023.12.27"]
[SourceVersion "1"]
[SourceVersionDate "2023.12.27"]
[SourceQuality "1"]

1. e4 d6 2. d4 Nf6 3. Bd3 c6 4. f4 e5 5. c3 Qb6 6. Nf3 Bg4 7. fxe5 dxe5 8. dxe5 Nfd7 9. Qe2 Nxe5 10. h3 Nxf3+ 11. gxf3 Be6 12. Be3 Qc7 13. Nd2 Nd7 14. f4 Nc5 15. Bc2 f6 16. Bxc5 Bxc5 17. Qh5+ Bf7 18. Qxc5 Qxf4 19. 0-0-0 Kd8 1-0

[Event "Titled Tuesday intern op 19th Dec Early"]
[Site "Chess.com INT"]
[Date "2023.12.19"]
[Round "2"]
[White "Vincenti, Leonardo"]
[Black "Kochiev, Ivan"]
[Result "1/2-1/2"]
[WhiteElo "2039"]
[BlackElo "2051"]
[PlyCount "115"]
[EventDate "2023.12.19"]
[EventType "swiss (blitz)"]
[EventRounds "11"]
[EventCountry "USA"]
[SourceTitle "CB52_2023"]
[SourceDate "2023.12.27"]
[SourceVersion "1"]
[SourceVersionDate "2023.12.27"]
[SourceQuality "1"]

1. e4 e5 2. Nf3 Nf6 3. Nc3 Nc6 4. d4 exd4 5. Nxd4 Bb4 6. Nxc6 bxc6 7. Bd3 d5 8. exd5 cxd5 9. 0-0 0-0 10. Bg5 c6 11. Qf3 Rb8 12. Ne2 Re8 13. Nd4 Bd7 14. Bxf6 Qxf6 15. Qxf6 gxf6 16. c3 Bc5 17. b3 Bd6 18. Nf5 Be5 19. Rac1 c5 20. Nh6+ Kg7 21. Nf5+ Bxf5 22. Bxf5 c4 23. bxc4 dxc4 24. f4 Bd6 25. Rf3 Re2 26. Rg3+ Kh8 27. Rh3 Rbb2 28. Rd1 Bc5+ 29. Kh1 Kg7 30. Rxh7+ Kf8 31. Rh8+ Kg7 32. Rh7+ Kg8 33. Rh3 Rxg2 34. Rg3+ Rxg3 35. hxg3 Rxa2 36. Rd8+ Kg7 37. Rc8 Bf2 38. g4 Bg3 39. Rxc4 Rf2 40. Ra4 Rxf4 41. Rxa7 Rc4 42. Ra3 Be5 43. Rb3 Rxc3 44. Rxc3 Bxc3 45. Kg2 Kh6 46. Kf3 Kg5 47. Ke4 Be5 48. Kd5 Bf4 49. Kc6 Be5 50. Kd7 Bf4 51. Ke7 Be5 52. Kxf7 Bf4 53. Ke7 Be5 54. Ke6 Bf4 55. Kd5 Be5 56. Ke6 Bf4 57. Kd5 Be5 58. Ke6 1/2-1/2

[Event "Titled Tuesday intern op 12th Dec Early"]
[Site "Chess.com INT"]
[Date "2023.12.12"]
[Round "7"]
[White "Kochiev, Ivan"]
[Black "Boyer, Mahel"]
[Result "1-0"]
[WhiteElo "2051"]
[BlackElo "2427"]
[PlyCount "133"]
[EventDate "2023.12.12"]
[EventType "swiss (blitz)"]
[EventRounds "11"]
[EventCountry "USA"]
[SourceTitle "CB51_2023"]
[SourceDate "2023.12.20"]
[SourceVersion "1"]
[SourceVersionDate "2023.12.20"]
[SourceQuality "1"]

1. e4 Nf6 2. e5 Ng8 3. d4 d6 4. exd6 exd6 5. c4 Nf6 6. Nf3 d5 7. c5 b6 8. cxb6 axb6 9. Nc3 Be7 10. Bd3 0-0 11. h3 Ba6 12. 0-0 Bxd3 13. Qxd3 c6 14. Re1 Nbd7 15. Bf4 Re8 16. a3 b5 17. Re2 Bf8 18. Rae1 Rxe2 19. Rxe2 Qb6 20. Nd1 h6 21. Ne3 Re8 22. Nf5 Rxe2 23. Qxe2 Qd8 24. Ne5 Qe8 25. Qf3 Nxe5 26. Bxe5 Ne4 27. Qg4 f6 28. Bf4 Kh7 29. h4 h5 30. Qf3 Qg6 31. Ne3 Nd2 32. Qe2 Nc4 33. Nf1 Qf5 34. Bc1 Bd6 35. b3 Nxa3 36. Bxa3 Bxa3 37. Ng3 Qg4 38. Qc2+ Qg6 39. Qxc6 b4 40. Qxd5 Bb2 41. Nxh5 Qb1+ 42. Kh2 Qg6 43. Nf4 Qg4 44. g3 Bc1 45. Qh5+ Qxh5 46. Nxh5 Kg6 47. Nf4+ Kf5 48. d5 Ke5 49. Nd3+ Kxd5 50. Nxc1 Kd4 51. g4 Kc3 52. f4 Kc2 53. Na2 Kxb3 54. Nxb4 Kxb4 55. h5 Kc5 56. g5 fxg5 57. fxg5 Kd6 58. h6 Ke7 59. h7 Kf7 60. h8Q Kg6 61. Qh4 Kf5 62. Kg3 Kg6 63. Qg4 Kh7 64. Qh5+ Kg8 65. g6 Kf8 66. Qe5 Kg8 67. Qe8# 1-0

[Event "Titled Tuesday intern op 12th Dec Early"]
[Site "Chess.com INT"]
[Date "2023.12.12"]
[Round "9"]
[White "Krysa, Leandro Sergio"]
[Black "Kochiev, Ivan"]
[Result "1-0"]
[WhiteElo "2541"]
[BlackElo "2051"]
[PlyCount "223"]
[EventDate "2023.12.12"]
[EventType "swiss (blitz)"]
[EventRounds "11"]
[EventCountry "USA"]
[SourceTitle "CB51_2023"]
[SourceDate "2023.12.20"]
[SourceVersion "1"]
[SourceVersionDate "2023.12.20"]
[SourceQuality "1"]

1. e4 c5 2. Nf3 d6 3. d4 cxd4 4. Nxd4 Nf6 5. Nc3 Nc6 6. Bg5 e6 7. Qd3 a6 8. Nxc6 bxc6 9. 0-0-0 d5 10. Qg3 Qa5 11. f3 Bb4 12. Bxf6 gxf6 13. Qg7 Rf8 14. Qxf6 Rb8 15. Bd3 Bxc3 16. Qxc3 Qxa2 17. Qxc6+ Bd7 18. Qxa6 Qxb2+ 19. Kd2 dxe4 20. fxe4 Ke7 21. Rb1 Qd4 22. Qa3+ Kf6 23. Rhf1+ Kg7 24. Rxb8 Rxb8 25. Qe7 Be8 26. Qg5+ Kf8 27. Qh6+ Ke7 28. Qxh7 Rb2 29. Qh4+ Kf8 30. Qh6+ Ke7 31. Qg5+ Kf8 32. Qf6 Qb4+ 33. Ke2 Qb6 34. Qh8+ Ke7 35. Qf6+ Kf8 36. h4 Rb5 37. Bxb5 Bxb5+ 38. Kd2 Bxf1 39. Qxf1 Qd4+ 40. Qd3 Qf2+ 41. Qe2 Qd4+ 42. Qd3 Qf2+ 43. Kc1 Qe1+ 44. Kb2 Qb4+ 45. Ka2 Qa4+ 46. Kb1 Qb4+ 47. Kc1 Qe1+ 48. Qd1 Qxh4 49. Qf3 Qg5+ 50. Kd1 Qc5 51. c3 Kg8 52. Qg3+ Kf8 53. Qf3 Qg1+ 54. Kc2 Qc5 55. Qe2 Kg8 56. Qd2 Qe5 57. Kd3 Qd6+ 58. Kc2 Qg3 59. Qe2 Qe5 60. c4 Qc5 61. Kb3 Qb6+ 62. Kc3 Qc5 63. Qd3 Qa3+ 64. Kd4 Qd6+ 65. Ke3 Qg3+ 66. Kd4 Qd6+ 67. Kc3 Qa3+ 68. Kd2 Qb2+ 69. Qc2 Qd4+ 70. Ke2 Qc5 71. g3 Kf8 72. Kf3 Kg8 73. Qd3 Kf8 74. Kg2 Kg8 75. Qe2 Kf8 76. Kf3 Qd4 77. Qc2 Qc5 78. Qc3 Kg8 79. Ke2 Kh7 80. Kd3 Kg8 81. e5 Kg7 82. Kc2 Kg6 83. Kb3 Qb6+ 84. Ka4 Qa6+ 85. Kb4 Qb6+ 86. Ka3 Qa6+ 87. Kb3 Qb6+ 88. Kc2 Kg7 89. c5 Qc6 90. Kb3 Qb5+ 91. Ka3 Qc6 92. Qc4 Kf8 93. Kb4 Kg7 94. Qb5 Qe4+ 95. Ka5 Qa8+ 96. Qa6 Qd5 97. Qd6 Qa2+ 98. Kb6 Qb3+ 99. Kc7 Qxg3 100. c6 Qb3 101. Kd8 Qb6+ 102. c7 Qa5 103. Kd7 Qa4+ 104. Qc6 Qd4+ 105. Ke8 Qxe5 106. c8Q f5 107. Q8xe6 Qb8+ 108. Kd7 Qa7+ 109. Qc7 Qa4+ 110. Kd8+ Kh8 111. Qf6+ Kg8 112. Qcg7# 1-0